[Event "DEM U10/U10w 2008"]
[Site "Willingen GER"]
[Date "2008.05.16"]
[Round "10"]
[White "Schröder, Jan-Christian"]
[Black "Myagkov, Kirill"]
[Result "1-0"]
[Termination "normal"]
[Board "1"]
[WhiteElo "1477"]
[BlackElo "1582"]
[PlyCount "115"]
[WhiteFideId "24662259"]
[BlackFideId "24657042"]
[EventCountry "GER"]
[EventRounds "11"]
[EventType "swiss"]
[EventDate "2008.05.10"]

1. e4 c5 2. Nf3 d6 3. d4 cxd4 4. Nxd4 Nf6 5. Nc3 Nc6 6. Be2 e6 7. Be3 Be7 8.
O-O O-O 9. f4 d5 10. e5 Nxd4 11. Bxd4 Nd7 12. Bg4 b6 13. Qe1 Ba6 14. Rf3 Qc7
15. f5 Bc5 16. Bxc5 bxc5 17. fxe6 Nxe5 18. exf7+ Rxf7 19. Rxf7 Nxf7 20. Nxd5
Qd6 21. Bf3 Rb8 22. Rd1 Qf8 23. b3 Re8 24. Qg3 Ne5 25. Nc7 Nxf3+ 26. Qxf3 Qxf3
27. gxf3 Be2 28. Re1 Rc8 29. Rxe2 Rxc7 30. c4 Kf7 31. Kf2 Kf6 32. Re8 Rd7 33.
Ke2 Kf7 34. Re5 Rc7 35. Kd3 a5 36. a3 g6 37. Kc3 h6 38. b4 cxb4+ 39. axb4 axb4+
40. Kxb4 Rb7+ 41. Ka5 Rc7 42. Kb5 Rd7 43. Kc6 Rd3 44. c5 Rxf3 45. Kc7 Rc3 46.
c6 Kf6 47. Rd5 Ke6 48. Rd6+ Kf5 49. Kb7 Rb3+ 50. Kc8 Rc3 51. c7 Ke5 52. Rxg6 h5
53. Kb7 Rb3+ 54. Rb6 Rc3 55. c8=Q Rxc8 56. Kxc8 Kf4 57. Rb2 h4 58. Kd7 1-0

[Event "DEM U10/U10w 2008"]
[Site "Willingen GER"]
[Date "2008.05.16"]
[Round "10"]
[White "Wagner, Robert"]
[Black "Sawlin, Leonid"]
[Result "0-1"]
[Termination "normal"]
[Board "2"]
[WhiteElo "1561"]
[BlackElo "1431"]
[PlyCount "70"]
[WhiteFideId "24656879"]
[BlackFideId "4689542"]
[EventCountry "GER"]
[EventRounds "11"]
[EventType "swiss"]
[EventDate "2008.05.10"]

1. d4 d6 2. Nf3 Nd7 3. Bf4 g6 4. e4 Bg7 5. Nc3 c5 6. Be3 b6 7. Bc4 Qc7 8. Ng5
Nh6 9. Bxf7+ Nxf7 10. Ne6 Qb7 11. Nxg7+ Kf8 12. Ne6+ Kg8 13. Nd5 Nf6 14. Nef4
Nxe4 15. Qf3 Nfg5 16. Qe2 e5 17. dxe5 dxe5 18. Qc4 exf4 19. Bxf4 Be6 20. Bxg5
Nxg5 21. Nf6+ Kg7 22. Qf4 Rhf8 23. Qxg5 Rxf6 24. O-O Raf8 25. Rae1 Bc4 26. Qe3
Bxf1 27. Kxf1 Rxf2+ 28. Qxf2 Rxf2+ 29. Kxf2 Kf6 30. Kg3 h5 31. Rf1+ Kg7 32. Rf3
Qd5 33. a3 Qe5+ 34. Kf2 Qxb2 35. Re3 Qxc2+ 0-1

[Event "DEM U10/U10w 2008"]
[Site "Willingen GER"]
[Date "2008.05.16"]
[Round "10"]
[White "Wolff, Christopher"]
[Black "Bluhm, Sonja Maria"]
[Result "1-0"]
[Termination "normal"]
[Board "3"]
[WhiteElo "1373"]
[BlackElo "1520"]
[PlyCount "121"]
[BlackFideId "24654027"]
[EventCountry "GER"]
[EventRounds "11"]
[EventType "swiss"]
[EventDate "2008.05.10"]

1. e4 e5 2. d4 exd4 3. Qxd4 Nc6 4. Qe3 g6 5. Nc3 Bg7 6. Bd2 Nf6 7. O-O-O O-O 8.
Bc4 Na5 9. Bd3 d6 10. h4 Be6 11. Nge2 Nc6 12. Qg3 Ne5 13. Kb1 Re8 14. f4 Nxd3
15. cxd3 c6 16. h5 Nxh5 17. Rxh5 gxh5 18. f5 Bc8 19. Bh6 Qf6 20. Bg5 Qe5 21.
Nf4 c5 22. f6 Bg4 23. Rh1 Qxg5 24. Rxh5 Qxf6 25. Qxg4 Re5 26. Rh1 Qg5 27. Qf3
Bh6 28. Ncd5 Bg7 29. Rh3 Rc8 30. Nh5 Kf8 31. Nhf6 Bxf6 32. Nxf6 Ke7 33. Nd5+
Rxd5 34. exd5 Qg6 35. Rg3 Qh6 36. Rh3 Qg7 37. Rg3 Qd4 38. Qf5 Re8 39. Rf3 Rf8
40. Rf2 c4 41. Qg5+ Kd7 42. Qf5+ Kc7 43. Rc2 b5 44. b3 c3 45. Qe4 Qxe4 46.
Rxc3+ Kd7 47. dxe4 Re8 48. Rf3 Rxe4 49. Rxf7+ Re7 50. Rf2 Kc7 51. Kb2 Kb6 52.
Rc2 Rc7 53. Rxc7 Kxc7 54. Kc3 Kb6 55. b4 Kc7 56. Kd4 Kd7 57. Ke4 Ke7 58. Kf5
Kf7 59. g3 h6 60. g4 a6 61. a3 1-0

[Event "DEM U10/U10w 2008"]
[Site "Willingen GER"]
[Date "2008.05.16"]
[Round "10"]
[White "Richter, Leonard"]
[Black "Peters, Tom"]
[Result "1/2-1/2"]
[Termination "normal"]
[Board "4"]
[WhiteElo "1379"]
[BlackElo "1472"]
[PlyCount "69"]
[WhiteFideId "12900290"]
[BlackFideId "24694444"]
[EventCountry "GER"]
[EventRounds "11"]
[EventType "swiss"]
[EventDate "2008.05.10"]

1. e4 e5 2. Nf3 Nc6 3. d4 exd4 4. Bc4 Nf6 5. O-O Nxe4 6. Re1 d5 7. Bxd5 Qxd5 8.
Nc3 Qh5 9. Nxe4 Be6 10. Neg5 O-O-O 11. Nxe6 fxe6 12. Rxe6 Bd6 13. Bd2 Rhf8 14.
h3 Rg8 15. Bg5 Rd7 16. Qd2 Rf8 17. Rae1 h6 18. Bh4 g5 19. Bg3 Bxg3 20. fxg3 Rh8
21. Ne5 Nxe5 22. R1xe5 Qf7 23. Qe2 Rdd8 24. Qg4 Kb8 25. Qf3 Qxf3 26. gxf3 b6
27. Rg6 d3 28. cxd3 Rxd3 29. Kf2 Rd2+ 30. Re2 Rxe2+ 31. Kxe2 Kc8 32. Rg7 Kb7
33. Kd3 Rd8+ 34. Ke4 Rd2 35. Rg6 1/2-1/2

[Event "DEM U10/U10w 2008"]
[Site "Willingen GER"]
[Date "2008.05.16"]
[Round "10"]
[White "Grigorian, Spartak"]
[Black "Kasel, Ronaldo"]
[Result "1/2-1/2"]
[Termination "normal"]
[Board "5"]
[WhiteElo "1795"]
[BlackElo "1438"]
[PlyCount "98"]
[WhiteFideId "24661490"]
[BlackFideId "24660949"]
[EventCountry "GER"]
[EventRounds "11"]
[EventType "swiss"]
[EventDate "2008.05.10"]

1. Nf3 d5 2. d4 c5 3. e3 Nc6 4. c4 e6 5. cxd5 exd5 6. g3 Nf6 7. Bg2 Be6 8. O-O
Be7 9. Nc3 O-O 10. Ne5 Rc8 11. b3 Bd6 12. Nxc6 Rxc6 13. Bb2 c4 14. Rc1 Qa5 15.
e4 Bb4 16. Nxd5 Nxd5 17. exd5 Bxd5 18. Bxd5 Qxd5 19. bxc4 Rxc4 20. Qb3 b5 21.
Rfd1 Rd8 22. Rxc4 Qxc4 23. Rc1 Qxb3 24. axb3 a5 25. Rc7 Rb8 26. Ra7 f6 27. Bc1
Rc8 28. Bf4 Rd8 29. Be3 Rd5 30. Kg2 f5 31. Rc7 a4 32. bxa4 bxa4 33. Ra7 Ra5 34.
Rxa5 Bxa5 35. Kf3 Kf7 36. Bc1 Ke6 37. Ke3 Kd5 38. Kd3 Be1 39. f3 Bf2 40. Bb2
Bg1 41. h3 h5 42. g4 hxg4 43. hxg4 fxg4 44. fxg4 a3 45. Bxa3 Bxd4 46. Bc1 Bc5
47. Bb2 g6 48. Bf6 Ke6 49. Bb2 Kd5 1/2-1/2

[Event "DEM U10/U10w 2008"]
[Site "Willingen GER"]
[Date "2008.05.16"]
[Round "10"]
[White "Manusina, Nicole"]
[Black "Srokovskiy, Andrea"]
[Result "1/2-1/2"]
[Termination "normal"]
[Board "7"]
[WhiteElo "1601"]
[BlackElo "1528"]
[PlyCount "54"]
[WhiteFideId "24657514"]
[BlackFideId "4624947"]
[EventCountry "GER"]
[EventRounds "11"]
[EventType "swiss"]
[EventDate "2008.05.10"]

1. e4 c5 2. d4 cxd4 3. c3 dxc3 4. Nxc3 Nc6 5. Nf3 d6 6. Bc4 Nf6 7. O-O a6 8.
Bf4 Bg4 9. Qd3 Bxf3 10. Qxf3 Rc8 11. Rfd1 e5 12. Be3 Na5 13. Be2 Nc4 14. Bxc4
Rxc4 15. Bg5 h6 16. Bh4 Be7 17. Bg3 Qb6 18. Rab1 Qc6 19. Re1 O-O 20. Bh4 Qd7
21. Rbd1 Rfc8 22. Bxf6 Bxf6 23. Nd5 Qd8 24. Qb3 b5 25. Kh1 R8c6 26. f3 Qc8 27.
Qe3 Bg5 1/2-1/2

[Event "DEM U10/U10w 2008"]
[Site "Willingen GER"]
[Date "2008.05.16"]
[Round "10"]
[White "Wendland, Tobias"]
[Black "Sabirov, Ramil"]
[Result "0-1"]
[Termination "normal"]
[Board "8"]
[WhiteElo "1314"]
[BlackElo "1270"]
[PlyCount "72"]
[WhiteFideId "24662267"]
[BlackFideId "12900303"]
[EventCountry "GER"]
[EventRounds "11"]
[EventType "swiss"]
[EventDate "2008.05.10"]

1. d4 Nf6 2. c4 g6 3. Nc3 d5 4. Nf3 Bg7 5. Bg5 O-O 6. Bxf6 exf6 7. Nxd5 c6 8.
Nc3 f5 9. e3 Be6 10. Bd3 Nd7 11. O-O Nb6 12. Qe2 Qc7 13. Rac1 Qd7 14. Rfd1 Rad8
15. h3 Rfe8 16. Bb1 Bxc4 17. Qd2 Bd5 18. Nh2 Nc4 19. Qc2 Rc8 20. b3 Nd6 21. Na4
b6 22. Qd2 Bh6 23. Qb2 Bg5 24. Qd2 Re7 25. Qb2 h5 26. Qd2 Rce8 27. Rc3 Nb5 28.
Rcc1 Rxe3 29. Qc2 Re2 30. Qd3 Bxc1 31. Rxc1 Re1+ 32. Rxe1 Rxe1+ 33. Nf1 Nxd4
34. Qxd4 Rxf1+ 35. Kh2 Qd6+ 36. g3 Rh1# 0-1

[Event "DEM U10/U10w 2008"]
[Site "Willingen GER"]
[Date "2008.05.16"]
[Round "10"]
[White "Reimers, Juri"]
[Black "Bach, Jannik"]
[Result "0-1"]
[Termination "normal"]
[Board "9"]
[WhiteElo "1207"]
[BlackElo "1642"]
[PlyCount "78"]
[WhiteFideId "24661511"]
[BlackFideId "24615900"]
[EventCountry "GER"]
[EventRounds "11"]
[EventType "swiss"]
[EventDate "2008.05.10"]

1. e4 c6 2. d4 d5 3. Nc3 dxe4 4. Nxe4 Bf5 5. Ng3 Bg6 6. Nf3 Nd7 7. Bf4 e6 8.
Bd3 Ngf6 9. Bxg6 hxg6 10. Qd2 Nd5 11. O-O-O N7f6 12. c4 Bb4 13. Qc2 Nxf4 14.
Qb3 Be7 15. Qxb7 Qc8 16. Qxc8+ Rxc8 17. Rhg1 N6h5 18. Rd2 Nxg3 19. hxg3 Nh5 20.
Rh1 O-O 21. Rh3 Bd6 22. c5 Bb8 23. Rd1 Rfd8 24. Rdh1 Kf8 25. Ne5 Ke7 26. g4 Nf6
27. f3 Rxd4 28. Re1 Bxe5 29. Rxe5 Rd5 30. Rxd5 Nxd5 31. Rh1 Nf4 32. g3 Nd3+ 33.
Kc2 Nxc5 34. Rd1 Rd8 35. Rxd8 Kxd8 36. Kc3 Kc7 37. Kc4 Nd7 38. b4 Ne5+ 39. Kd4
Nxf3+ 0-1

[Event "DEM U10/U10w 2008"]
[Site "Willingen GER"]
[Date "2008.05.16"]
[Round "10"]
[White "Hirschmann, Jakob"]
[Black "Keller, Peter"]
[Result "1/2-1/2"]
[Termination "normal"]
[Board "11"]
[WhiteElo "1335"]
[BlackElo "1217"]
[PlyCount "83"]
[WhiteFideId "24652067"]
[BlackFideId "1272105"]
[EventCountry "GER"]
[EventRounds "11"]
[EventType "swiss"]
[EventDate "2008.05.10"]

1. d4 Nf6 2. c4 g6 3. Nc3 Bg7 4. e3 O-O 5. Nf3 d6 6. Bd3 Nbd7 7. Bd2 c5 8. O-O
Qb6 9. a4 e6 10. Bc2 Nh5 11. a5 Qd8 12. Qc1 a6 13. Ne2 b5 14. axb6 Qxb6 15. Ba5
Qb7 16. Ba4 Nb6 17. Bxb6 Qxb6 18. Qc2 Bb7 19. Ng3 Nxg3 20. hxg3 cxd4 21. Nxd4
Bxd4 22. exd4 Qxd4 23. Rfd1 Qb6 24. b4 Rfd8 25. Rac1 Bc6 26. Rd2 Bxa4 27. Qxa4
Rab8 28. Ra1 Qxb4 29. Qxb4 Rxb4 30. Rxa6 d5 31. cxd5 exd5 32. Ra5 d4 33. Ra3
Rb1+ 34. Kh2 Rb5 35. Rad3 Rbd5 36. g4 Kg7 37. Kg3 f5 38. gxf5 gxf5 39. Kf4 Kf6
40. Rh3 Kg6 41. Rg3+ Kf6 42. Rh3 1/2-1/2

[Event "DEM U10/U10w 2008"]
[Site "Willingen GER"]
[Date "2008.05.16"]
[Round "10"]
[White "Scholz, Robert"]
[Black "Mager, Denis"]
[Result "0-1"]
[Termination "normal"]
[Board "12"]
[WhiteElo "1295"]
[BlackElo "1145"]
[PlyCount "164"]
[WhiteFideId "1270301"]
[BlackFideId "24691127"]
[EventCountry "GER"]
[EventRounds "11"]
[EventType "swiss"]
[EventDate "2008.05.10"]

1. e4 e6 2. d4 b6 3. Bd3 Bb7 4. Nf3 c5 5. c3 Nf6 6. Qe2 Be7 7. O-O O-O 8. Re1
d6 9. Nbd2 Nbd7 10. b3 Rc8 11. Bb2 h6 12. Rad1 Re8 13. h3 Rc7 14. Rc1 Qc8 15.
Red1 cxd4 16. cxd4 Kf8 17. Rxc7 Qxc7 18. Rc1 Qb8 19. Qe1 Rc8 20. Rxc8+ Qxc8 21.
Qc1 Qxc1+ 22. Bxc1 e5 23. d5 Nc5 24. Bc2 Ba6 25. Ne1 Nh5 26. Nc4 b5 27. Na5 Nf6
28. f3 Bb7 29. b4 Bd8 30. Nxb7 Nxb7 31. Bd3 Bb6+ 32. Kf1 a6 33. a4 Bd4 34. axb5
axb5 35. Bxb5 Nh5 36. Nd3 Ng3+ 37. Ke1 Ke7 38. Bb2 Bb6 39. Ba6 Nd8 40. b5 Ba5+
41. Kf2 Nh5 42. Ba3 Kd7 43. Nb4 Bb6+ 44. Ke1 Nf4 45. Kf1 Bc5 46. Nc2 Bb6 47.
Ne1 Kc7 48. Bc1 g5 49. Bxf4 gxf4 50. Nd3 Nb7 51. Ke2 Nc5 52. Nb4 Nd7 53. Nc6
Bg1 54. Ne7 Bh2 55. Nf5 h5 56. Ng7 h4 57. Nf5 Bg3 58. Nxg3 fxg3 59. Ke3 Nf8 60.
f4 Ng6 61. f5 Nf4 62. Kf3 f6 63. b6+ Kxb6 64. Bf1 Kc5 65. Be2 Kd4 66. Bf1 Nd3
67. Kg4 Kxe4 68. Kxh4 Nf4 69. Kxg3 Kxf5 70. Kf3 Nxd5 71. Bd3+ Kg5 72. Be4 Ne7
73. g3 d5 74. Bc2 Nf5 75. g4 Nd4+ 76. Kg3 Nxc2 77. h4+ Kg6 78. Kf3 Nd4+ 79. Kg3
Ne6 80. Kf3 e4+ 81. Ke3 f5 82. h5+ Kg5 0-1

[Event "DEM U10/U10w 2008"]
[Site "Willingen GER"]
[Date "2008.05.16"]
[Round "10"]
[White "Müller, Constantin"]
[Black "Lagunov, Rafael"]
[Result "1-0"]
[Termination "normal"]
[Board "13"]
[WhiteElo "1275"]
[BlackElo "1150"]
[PlyCount "67"]
[WhiteFideId "24697630"]
[BlackFideId "24652644"]
[EventCountry "GER"]
[EventRounds "11"]
[EventType "swiss"]
[EventDate "2008.05.10"]

1. e4 c5 2. d4 cxd4 3. c3 d5 4. Qxd4 dxe4 5. Qxe4 Nf6 6. Qc2 Nc6 7. Nf3 Bd7 8.
Bc4 e6 9. O-O Be7 10. Bf4 O-O 11. Nbd2 Rc8 12. Ne4 Nxe4 13. Qxe4 Qb6 14. Bd3 f5
15. Qe2 Bf6 16. Rad1 e5 17. Nxe5 Nxe5 18. Bxe5 Rfe8 19. Bc4+ Kh8 20. Rxd7 Bxe5
21. Qd3 Qxb2 22. Bb3 Qxc3 23. Qxf5 Rf8 24. Qg4 Qc6 25. Rfd1 Qb6 26. Rf1 Rg8 27.
Bxg8 Rxg8 28. Re7 Qd6 29. Re6 Qc7 30. g3 Bf6 31. Rfe1 Qc5 32. Re8 Qd5 33. Rxg8+
Kxg8 34. Qc8+ 1-0

[Event "DEM U10/U10w 2008"]
[Site "Willingen GER"]
[Date "2008.05.16"]
[Round "10"]
[White "Engert, Marvin"]
[Black "Allin, Alexander"]
[Result "1-0"]
[Termination "normal"]
[Board "14"]
[WhiteElo "1271"]
[BlackElo "1156"]
[PlyCount "97"]
[WhiteFideId "12901164"]
[BlackFideId "12903698"]
[EventCountry "GER"]
[EventRounds "11"]
[EventType "swiss"]
[EventDate "2008.05.10"]

1. e4 e5 2. Nf3 Nc6 3. Bc4 Nf6 4. Nc3 Nxe4 5. Nxe4 d5 6. Bd3 dxe4 7. Bxe4 Bc5
8. Bxc6+ bxc6 9. O-O f6 10. Re1 O-O 11. c3 Bg4 12. Qe2 Re8 13. Qc4+ Qd5 14.
Qxg4 f5 15. Qxf5 e4 16. Qxd5+ cxd5 17. Nh4 Rf8 18. d4 Be7 19. g3 g5 20. Ng2 Rf7
21. Be3 Raf8 22. b3 Rg7 23. c4 c6 24. cxd5 cxd5 25. Rec1 Bb4 26. a3 Bd6 27. Rc6
Rd8 28. b4 h6 29. b5 Rb7 30. a4 Kg7 31. Rb1 Bc7 32. h4 gxh4 33. Nxh4 Kg8 34.
Bxh6 Rd6 35. Rxd6 Bxd6 36. Nf5 Bc7 37. Be3 Kf7 38. a5 Kf6 39. a6 Rb8 40. g4 Rg8
41. Nh6 Re8 42. Rc1 Bb6 43. Rc6+ Kg7 44. g5 Re7 45. Nf5+ Kf7 46. g6+ Kf8 47.
Nxe7 Kxe7 48. Rxb6 axb6 49. a7 1-0

[Event "DEM U10/U10w 2008"]
[Site "Willingen GER"]
[Date "2008.05.16"]
[Round "10"]
[White "Schmid, Floyd"]
[Black "Berkov, Mikhail"]
[Result "1/2-1/2"]
[Termination "normal"]
[Board "15"]
[WhiteElo "1156"]
[BlackElo "1402"]
[PlyCount "47"]
[WhiteFideId "24686069"]
[BlackFideId "24678783"]
[EventCountry "GER"]
[EventRounds "11"]
[EventType "swiss"]
[EventDate "2008.05.10"]

1. e4 e5 2. Nf3 Nc6 3. Bc4 Bc5 4. c3 Nf6 5. d3 d6 6. Bg5 h6 7. Bh4 g5 8. Bg3
Bg4 9. h3 Bh5 10. Nbd2 a6 11. Qc2 Qd7 12. O-O-O O-O-O 13. Bb3 Qe7 14. Ba4 Nb8
15. Kb1 Nbd7 16. Rc1 Bb6 17. Rhe1 Nc5 18. Bb3 Nxb3 19. Qxb3 Bxf3 20. Nxf3 Nh5
21. d4 Nxg3 22. fxg3 f6 23. g4 Kb8 24. d5 1/2-1/2

[Event "DEM U10/U10w 2008"]
[Site "Willingen GER"]
[Date "2008.05.16"]
[Round "10"]
[White "Wenzke, Tim"]
[Black "Hoppe, Jonas"]
[Result "0-1"]
[Termination "normal"]
[Board "16"]
[WhiteElo "1129"]
[BlackElo "1280"]
[PlyCount "98"]
[EventCountry "GER"]
[EventRounds "11"]
[EventType "swiss"]
[EventDate "2008.05.10"]

1. e4 e5 2. f4 d6 3. Nf3 Nc6 4. h3 Nf6 5. Nc3 Be7 6. Bc4 Nh5 7. f5 Bh4+ 8. Kf1
Ng3+ 9. Kg1 Nxh1 10. Kxh1 O-O 11. d3 Na5 12. Bb3 Nxb3 13. axb3 c6 14. Nh2 d5
15. Qg4 Bf6 16. Bh6 Kh8 17. Bd2 g6 18. Qf3 dxe4 19. Nxe4 Bxf5 20. Rf1 Bxe4 21.
dxe4 Bg7 22. Bg5 Qxg5 23. Ng4 h5 24. Nh2 Bh6 25. g4 Qf4 26. Qc3 Qxe4+ 27. Nf3
hxg4 28. hxg4 Qxg4 29. Nxe5 Qh4+ 30. Kg2 Qg5+ 31. Kf2 Qe3+ 32. Qxe3 Bxe3+ 33.
Kxe3 Rae8 34. Rh1+ Kg7 35. Kf4 g5+ 36. Kf5 Rh8 37. Rg1 f6 38. Ng4 Rh4 39. Nxf6
Rf4+ 40. Kxg5 Rxf6 41. Rd1 Ref8 42. Rd7+ R8f7 43. Rd1 Rg6+ 44. Kh5 Rf8 45. Rd7+
Rf7 46. Rd8 Kh7 47. Rd5 cxd5 48. Kh4 Rf1 49. Kh3 Rh1# 0-1

[Event "DEM U10/U10w 2008"]
[Site "Willingen GER"]
[Date "2008.05.16"]
[Round "10"]
[White "Koch, Elisabeth"]
[Black "Nobis, Anna"]
[Result "0-1"]
[Termination "normal"]
[Board "17"]
[WhiteElo "1097"]
[BlackElo "1189"]
[PlyCount "58"]
[WhiteFideId "24695068"]
[BlackFideId "1270302"]
[EventCountry "GER"]
[EventRounds "11"]
[EventType "swiss"]
[EventDate "2008.05.10"]

1. e4 c5 2. Nc3 Nc6 3. f4 d6 4. Nf3 Nf6 5. Bc4 e6 6. O-O Be7 7. d3 O-O 8. Kh1
Bd7 9. Qe1 Qc7 10. Qg3 a6 11. Bd2 Rab8 12. Nh4 b5 13. Bb3 c4 14. dxc4 bxc4 15.
Bxc4 Rxb2 16. Bb3 Nd4 17. Rac1 Nxb3 18. cxb3 Rxd2 19. Nb1 Rc2 20. Nc3 Rxc1 21.
Rxc1 Qb7 22. e5 dxe5 23. fxe5 Ne4 24. Qf3 Bc6 25. g3 Nxg3+ 26. Kg1 Bxf3 27. Kf2
Ne4+ 28. Kg1 Qb6+ 29. Kf1 Qf2# 0-1

[Event "DEM U10/U10w 2008"]
[Site "Willingen GER"]
[Date "2008.05.16"]
[Round "10"]
[White "Baskin, Robert"]
[Black "Padelt, Aaron"]
[Result "1-0"]
[Termination "normal"]
[Board "18"]
[WhiteElo "1186"]
[BlackElo "1023"]
[PlyCount "55"]
[WhiteFideId "24662402"]
[EventCountry "GER"]
[EventRounds "11"]
[EventType "swiss"]
[EventDate "2008.05.10"]

1. e4 e5 2. Nf3 Nc6 3. Bb5 Bc5 4. c3 d6 5. h3 Bd7 6. d4 Bb6 7. O-O Nf6 8. Re1
Ne7 9. Bxd7+ Qxd7 10. Bg5 Nh5 11. dxe5 Ng3 12. exd6 Qxd6 13. Qxd6 cxd6 14. Bf4
Nh5 15. Bxd6 Nc8 16. Bh2 O-O 17. e5 g6 18. Nbd2 Re8 19. Nc4 Ng7 20. Rad1 a6 21.
Rd7 Rb8 22. e6 fxe6 23. Bxb8 Nf5 24. Rxb7 Bc5 25. Ng5 Ng7 26. Be5 Nf5 27. Rxh7
Be7 28. Rh8# 1-0

[Event "DEM U10/U10w 2008"]
[Site "Willingen GER"]
[Date "2008.05.16"]
[Round "10"]
[White "Dresig, Moritz"]
[Black "Wanner, Lukas"]
[Result "0-1"]
[Termination "normal"]
[Board "19"]
[WhiteElo "1181"]
[BlackElo "1001"]
[PlyCount "72"]
[WhiteFideId "1270307"]
[BlackFideId "12918148"]
[EventCountry "GER"]
[EventRounds "11"]
[EventType "swiss"]
[EventDate "2008.05.10"]

1. f4 d5 2. Nf3 Nf6 3. e3 c5 4. d3 Nc6 5. Nbd2 Bf5 6. Be2 e6 7. c4 Be7 8. Qc2
dxc4 9. Nxc4 O-O 10. Bd2 b5 11. Nce5 Rc8 12. e4 Bg6 13. Nxg6 fxg6 14. O-O Nh5
15. g3 Nd4 16. Nxd4 cxd4 17. Qb3 Qb6 18. Rac1 Rxc1 19. Rxc1 Kh8 20. Bg4 e5 21.
fxe5 Qb8 22. Bf4 Nxf4 23. gxf4 h5 24. Bd7 Qb7 25. Qe6 Bb4 26. Rc8 Rxc8 27. Bxc8
Qc7 28. Qe8+ Kh7 29. f5 Qc1+ 30. Kg2 Qg5+ 31. Kf3 Qe3+ 32. Kg2 Qe2+ 33. Kg1
Qe1+ 34. Kg2 Qe2+ 35. Kg3 Be1+ 36. Kf4 Qe3# 0-1

[Event "DEM U10/U10w 2008"]
[Site "Willingen GER"]
[Date "2008.05.16"]
[Round "10"]
[White "Wiesner, Paula"]
[Black "Brandl, Lea Maria"]
[Result "1-0"]
[Termination "normal"]
[Board "20"]
[WhiteElo "1364"]
[BlackElo "972"]
[PlyCount "57"]
[WhiteFideId "24654019"]
[BlackFideId "24693049"]
[EventCountry "GER"]
[EventRounds "11"]
[EventType "swiss"]
[EventDate "2008.05.10"]

1. e4 c5 2. c3 Nf6 3. e5 Nd5 4. d4 cxd4 5. cxd4 d6 6. exd6 Qxd6 7. Nf3 Nc6 8.
Be2 Bf5 9. O-O g6 10. Nc3 Bg7 11. Nxd5 Qxd5 12. Be3 O-O 13. Bd3 Bg4 14. Be2 Bf5
15. Qb3 Qd6 16. Qxb7 Rab8 17. Qa6 Rxb2 18. Rfd1 e6 19. Rac1 Rb6 20. Qa4 Ne7 21.
d5 Rb2 22. Bc5 Qd8 23. d6 Nd5 24. d7 Ne7 25. Qa3 Qa8 26. Bxe7 Rxe2 27. Bxf8 Qd8
28. Rc8 Qb6 29. Bc5+ 1-0

[Event "DEM U10/U10w 2008"]
[Site "Willingen GER"]
[Date "2008.05.16"]
[Round "10"]
[White "Hartge, Gedeon"]
[Black "Hösch, Peter"]
[Result "0-1"]
[Termination "normal"]
[Board "21"]
[WhiteElo "1064"]
[BlackElo "1340"]
[PlyCount "58"]
[WhiteFideId "12932116"]
[EventCountry "GER"]
[EventRounds "11"]
[EventType "swiss"]
[EventDate "2008.05.10"]

1. d4 d5 2. c4 e6 3. Nf3 Nf6 4. Bg5 Be7 5. Nc3 b6 6. e3 Bb7 7. cxd5 exd5 8. Bd3
h6 9. Bh4 c5 10. Rc1 Nbd7 11. Bb1 O-O 12. Qc2 g6 13. O-O Ne4 14. Bxe7 Qxe7 15.
Nxe4 dxe4 16. Nd2 cxd4 17. exd4 Rac8 18. Qb3 Nf6 19. Rxc8 Rxc8 20. Qh3 Rd8 21.
Qxh6 Rxd4 22. Re1 Qe5 23. Qh3 Rxd2 24. Qe3 Rxb2 25. f3 Qc5 26. Qxc5 bxc5 27.
fxe4 c4 28. e5 Ne8 29. Re4 Rxb1+ 0-1

[Event "DEM U10/U10w 2008"]
[Site "Willingen GER"]
[Date "2008.05.16"]
[Round "10"]
[White "Dürr, Florian"]
[Black "Gheng, Christian"]
[Result "1-0"]
[Termination "normal"]
[Board "22"]
[WhiteElo "1325"]
[BlackElo "1177"]
[PlyCount "165"]
[WhiteFideId "24659134"]
[BlackFideId "24660345"]
[EventCountry "GER"]
[EventRounds "11"]
[EventType "swiss"]
[EventDate "2008.05.10"]

1. e4 c5 2. Nf3 d6 3. d4 cxd4 4. Nxd4 Nf6 5. Nc3 g6 6. f4 Nc6 7. Nb3 Bg7 8. Be2
O-O 9. Be3 Be6 10. O-O Qc8 11. Nd4 Ng4 12. Nxc6 bxc6 13. Qd2 Nxe3 14. Qxe3 d5
15. e5 c5 16. Na4 d4 17. Qa3 c4 18. Qxe7 Qc6 19. b3 Bd5 20. Bf3 Bxf3 21. Rxf3
cxb3 22. cxb3 Qc2 23. Qc5 Qd2 24. Rf2 Qe3 25. Qc1 Qe4 26. Qe1 Qd5 27. Rd1 Rfd8
28. Rfd2 Rab8 29. Nc3 Qc5 30. Ne4 Qb6 31. Qf2 Rd5 32. Rxd4 Rxd4 33. Qxd4 Qxd4+
34. Rxd4 Rc8 35. Rc4 Rd8 36. Nd6 f6 37. exf6 Bxf6 38. Rc8 Rxc8 39. Nxc8 a5 40.
Kf1 Kf7 41. Ke2 Bd4 42. Nd6+ Ke6 43. Nc4 Kf5 44. Kf3 Bc3 45. g4+ Kf6 46. Ke4
Ke6 47. Ne3 Kd6 48. Nd5 Bb2 49. f5 gxf5+ 50. gxf5 Kd7 51. Nb6+ Ke7 52. Nc4 Bc3
53. Ne3 Kf7 54. Ng4 h5 55. Ne5+ Kf6 56. Nd7+ Ke7 57. Nb6 Kf7 58. a3 h4 59. h3
Kf6 60. Nd7+ Kf7 61. Ne5+ Kf6 62. Nf3 Ke7 63. Nxh4 Kf6 64. Ng6 Kg7 65. h4 Kf6
66. Nf4 Kf7 67. Kf3 Kg7 68. Kg4 Kh6 69. h5 Kg7 70. Nd5 Bd2 71. b4 axb4 72. axb4
Kh6 73. b5 Ba5 74. b6 Bxb6 75. Nxb6 Kg7 76. Kg5 Kf7 77. h6 Kg8 78. Nd7 Kh7 79.
Ne5 Kg8 80. Kg6 Kh8 81. f6 Kg8 82. h7+ Kh8 83. Nf7# 1-0

[Event "DEM U10/U10w 2008"]
[Site "Willingen GER"]
[Date "2008.05.16"]
[Round "10"]
[White "Palm, Sören"]
[Black "Petermann, Tessa"]
[Result "1-0"]
[Termination "normal"]
[Board "24"]
[WhiteElo "1261"]
[BlackElo "1124"]
[PlyCount "155"]
[WhiteFideId "12925853"]
[BlackFideId "12929492"]
[EventCountry "GER"]
[EventRounds "11"]
[EventType "swiss"]
[EventDate "2008.05.10"]

1. e4 c5 2. Nf3 d6 3. d4 cxd4 4. Qxd4 Nc6 5. Bb5 Bd7 6. Bxc6 Bxc6 7. Nc3 Nf6 8.
Bg5 Nd7 9. O-O-O Qb6 10. Rhe1 Qxd4 11. Nxd4 g6 12. Ncb5 Bxb5 13. Nxb5 Rc8 14.
a3 a6 15. Nc3 Bg7 16. Nd5 e6 17. Ne3 Rc6 18. Nd5 f6 19. Bh4 Kf7 20. Nb4 Rb6 21.
Bg3 a5 22. Bxd6 Ke8 23. Na2 f5 24. e5 Bh6+ 25. Kb1 Rc6 26. Nc3 Kf7 27. g3 Nb6
28. Rd3 Nc4 29. Red1 Rb6 30. Na4 Rb5 31. b3 Nxe5 32. Bxe5 Rxe5 33. Rd7+ Kf6 34.
Rxb7 Re2 35. Rf1 Bf8 36. Nc3 Rd2 37. a4 Bb4 38. Rc7 Bd6 39. Rd7 Rc8 40. Kc1 Rd4
41. Rd1 Rxd1+ 42. Nxd1 Ba3+ 43. Kd2 h5 44. Ra7 Rc5 45. f4 Bb4+ 46. c3 Rd5+ 47.
Ke2 Be7 48. Ra6 Rd7 49. Ne3 Bd8 50. c4 Rb7 51. Ra8 Bc7 52. Ra6 Rb6 53. Rxb6
Bxb6 54. Kd3 Ke7 55. h3 Kd6 56. Nd1 Kc5 57. Kc3 Bc7 58. Nf2 Bd8 59. Nd3+ Kb6
60. Kd4 Bf6+ 61. Ne5 Bg7 62. h4 Bf6 63. c5+ Kc7 64. Kc4 Bg7 65. Nxg6 Kc6 66.
Ne5+ Bxe5 67. fxe5 Kc7 68. Kb5 Kb7 69. Kxa5 Kc6 70. b4 Kb7 71. Kb5 Kc7 72. a5
Kb7 73. a6+ Ka7 74. Kc6 Ka8 75. b5 Kb8 76. b6 Ka8 77. b7+ Kb8 78. Kb6 1-0